[Event "Hampstead U2200 July 2013"]
[Site "Hampstead, UK"]
[Date "2013.07.20"]
[Round "2"]
[White "Ivanov, George"]
[Black "Balouka Myers, Reuben"]
[Result "1-0"]
[WhiteElo "1739"]
[BlackElo "1564"]
[EventRounds "5"]

1. e4 e6 2. d4 d5 3. exd5 exd5 4. Bd3 Bd6 5. h3 Nf6 6. Nf3 O-O 7. O-O c6 8.
Re1 Be6 9. c3 Qd7 10. Bg5 Be7 11. Qc2 h6 12. Ne5 Qc7 13. Bf4 Bd6 14. Bh2 Nbd7
15. f4 Rfe8 16. f5 Nxe5 17. dxe5 Bc5+ 18. Kh1 Bd7 19. Nd2 Nh7 20. e6 Bd6 21.
Bxd6 Qxd6 22. exd7 Qxd7 23. Nf3 Nf6 24. b3 Nh5 25. Rxe8+ Rxe8 26. Re1 Rxe1+
27. Nxe1 Qe7 28. Qf2 a6 29. Nc2 Qe5 {Remaining moves unreadable, 1-0, 37.}
{#r} 1-0

[Event "Hampstead U2200 July 2013"]
[Site "Hampstead, UK"]
[Date "2013.07.20"]
[Round "2"]
[White "Brozel, Sacha"]
[Black "Balouka Myers, Gabriel"]
[Result "1/2-1/2"]
[WhiteElo "1706"]
[BlackElo "1548"]
[EventRounds "5"]

1. d4 d5 2. c4 e6 3. Nc3 c5 4. cxd5 exd5 5. dxc5 d4 6. Ne4 Nc6 7. Nf3 Bf5 8.
Ng3 Bg6 9. Bg5 f6 10. Bf4 Bxc5 11. Rc1 Bb4+ 12. Bd2 Bxd2+ 13. Qxd2 Qd7 14. e4
dxe3 15. Qxe3+ Nge7 16. Bb5 O-O 17. O-O Rfe8 18. Rfd1 Qc7 19. Qb3+ Kh8 20. Nd4
Rad8 21. Ne6 Rxd1+ 22. Rxd1 Qe5 23. f4 Qb8 24. Rd7 Bf7 25. Bxc6 Bxe6 26. Qxe6
Nxc6 27. Qg4 Re7 28. Nh5 Qf8 29. Rxe7 Qxe7 30. h3 h6 31. Kh2 Nd4 32. Ng3 Qe6
33. Qd1 Nc6 34. a3 a6 35. Qd3 Kg8 36. Ne4 f5 37. Nd6 Qd7 38. Qb3+ Kf8 39. Nxb7
Qc7 40. g3 Qe7 41. g4 Qe2+ 42. Kg3 Qe1+ 43. Kg2 Qe2+ {#d} 1/2-1/2

[Event "Hampstead U2200 July 2013"]
[Site "Hampstead, UK"]
[Date "2013.07.20"]
[Round "2"]
[White "Gribben, Chris"]
[Black "Miu, Marinel"]
[Result "0-1"]
[WhiteElo "1506"]
[BlackElo "1700"]
[EventRounds "5"]

1. e4 d5 2. exd5 Qxd5 3. Nc3 Qd8 4. Nf3 Nf6 5. d4 Bg4 6. Be2 e6 7. O-O Be7 8.
Bg5 c6 9. Re1 O-O 10. h3 Bh5 11. Nh2 Bg6 12. Ng4 Nxg4 13. Bxe7 Nxf2 14. Kxf2
Qxe7 15. Bf3 Qb4 16. Rb1 Rd8 17. Ne2 Nd7 18. b3 Ne5 19. c3 Qa5 20. Ra1 Nd3+
21. Kg1 Nxe1 22. Qxe1 e5 23. dxe5 Qxe5 24. Nd4 Qc7 25. Qf2 Re8 26. Rc1 Re7 27.
Qd2 Rae8 28. Bg4 c5 29. Nb5 Qg3 30. Qf2 Re1+ {#R} 0-1

[Event "Hampstead U2200 July 2013"]
[Site "Hampstead, UK"]
[Date "2013.07.20"]
[Round "2"]
[White "Sloan, Cecil"]
[Black "Hung, Dylan"]
[Result "1-0"]
[WhiteElo "1700"]
[BlackElo "1490"]
[EventRounds "5"]

1. e4 c6 2. d4 d5 3. exd5 cxd5 4. Bd3 Nc6 5. c3 Nf6 6. Bf4 e6 7. Nf3 Bd6 8.
Bxd6 Qxd6 9. O-O O-O 10. Re1 Re8 11. Ne5 Nd7 12. Bxh7+ Kf8 13. Qh5 Ncxe5 14.
dxe5 Qb6 15. b3 Qc7 16. Na3 a6 17. c4 d4 18. Bd3 Nc5 19. Rad1 Qa5 20. Nc2 Bd7
21. b4 Qxa2 22. bxc5 Ba4 23. Rd2 Bxc2 24. Rxc2 Qa5 25. Qh8+ Ke7 26. Qh4+ Kd7
27. Qxd4+ Kc7 28. Rb1 Rad8 29. Qe4 Rb8 30. Rcb2 Qxc5 31. Rxb7+ Rxb7 32. Qxb7+
Kd8 33. Qb6+ Qxb6 34. Rxb6 Kc7 35. Rxa6 Rd8 36. Ra3 {#r} 1-0

[Event "Hampstead U2200 July 2013"]
[Site "Hampstead, UK"]
[Date "2013.07.20"]
[Round "2"]
[White "Karia, Rishul"]
[Black "Hung, Jake"]
[Result "1-0"]
[WhiteElo "1490"]
[BlackElo "1657"]
[EventRounds "5"]

1. e4 c6 2. d4 d5 3. e5 Bf5 4. c4 e6 5. Nc3 Ne7 6. Nf3 Nd7 7. c5 b6 8. b4 a5
9. b5 bxc5 10. Bg5 c4 11. bxc6 Nb8 12. Nb5 Nbxc6 13. Nd6+ Kd7 14. Nxf7 Qb8 15.
Nxh8 Qb4+ 16. Bd2 c3 17. Nf7 Nxd4 18. Nxd4 Qxd4 19. Bb5+ Nc6 20. Bxc6+ Kxc6
21. Rc1 Bc5 22. Be3 Qxd1+ 23. Kxd1 d4 24. Bf4 Ba3 25. Nd6 c2+ 26. Rxc2+ Bxc2+
27. Kxc2 Rf8 28. Bg3 h5 29. h4 Bb4 30. Rd1 Kd5 31. f3 Rd8 32. Kd3 Rd7 33. Rc1
Bc3 34. Nb5 Bb2 35. Nc7+ Rxc7 36. Rxc7 a4 37. Rxg7 a3 38. Rd7+ Kc6 39. Rxd4
Bxd4 40. Kxd4 {#r} 1-0

[Event "Hampstead U2200 July 2013"]
[Site "Hampstead, UK"]
[Date "2013.07.20"]
[Round "2"]
[White "Klingher, Dominic"]
[Black "Byrne, Ken J"]
[Result "1-0"]
[WhiteElo "1642"]
[BlackElo "1194"]
[EventRounds "5"]

1. Nf3 Nf6 2. g3 d5 3. c4 c5 4. Bg2 g6 5. O-O Bg7 6. Nc3 Na6 7. cxd5 Nxd5 8.
Nxd5 Qxd5 9. d3 O-O 10. Nd2 Qh5 11. e3 Bg4 12. Qb3 Bh3 13. Bxh3 Qxh3 14. Qxb7
Qe6 15. Qe4 Qxe4 16. Nxe4 Rab8 17. Rb1 Rfd8 18. Rd1 c4 19. d4 e5 20. d5 f5 21.
Ng5 Rd6 22. e4 h6 23. Ne6 fxe4 24. Kg2 Nb4 25. f4 Rxd5 26. Rxd5 Nxd5 27. Nxg7
Kxg7 28. fxe5 Re8 29. Bd2 Rxe5 30. Rc1 e3 31. Be1 Nb6 32. Bc3 Kf6 33. Bxe5+
Kxe5 34. Kf3 Nd5 35. Rxc4 Kd6 36. Ra4 Ke5 37. Rxa7 Kd4 38. Rd7 g5 39. Rxd5+
Kxd5 40. Kxe3 h5 41. h4 gxh4 42. gxh4 Ke5 43. b4 Kd5 44. a4 Kc4 45. a5 Kb5 46.
Kf4 {#r} 1-0

[Event "Hampstead U2200 July 2013"]
[Site "Hampstead, UK"]
[Date "2013.07.20"]
[Round "2"]
[White "Sutton, Daniel"]
[Black "Klingher, Bernard"]
[Result "1-0"]
[WhiteElo "1616"]
[BlackElo "1034"]
[EventRounds "5"]

1. e4 e6 2. d4 d5 3. Nc3 c5 4. exd5 exd5 5. dxc5 Bxc5 6. Qxd5 Qxd5 7. Nxd5 Bd6
8. Bf4 Be6 9. Bxd6 Bxd5 10. O-O-O Nf6 11. f3 Bxa2 12. b3 Nc6 13. Kb2 Bxb3 14.
cxb3 Rd8 15. Bb5 a6 16. Bxc6+ bxc6 17. Nh3 Rxd6 18. Rxd6 O-O 19. Rhd1 Nd5 20.
Rxc6 Nb4 21. Rb6 a5 22. Rd7 f6 23. Rbb7 Rc8 24. Rxg7+ Kf8 25. Rbf7+ Ke8 26.
Rc7 Rxc7 27. Rxc7 Nd3+ 28. Kc3 Ne5 29. Rxh7 Nf7 30. Rxf7 Kxf7 31. Kc4 Ke6 32.
Kb5 Kd5 33. Kxa5 Kd4 34. b4 Ke3 35. b5 Ke2 36. b6 {#r} 1-0

[Event "Hampstead U2200 July 2013"]
[Site "Hampstead, UK"]
[Date "2013.07.20"]
[Round "2"]
[White "Lewis, Timothy"]
[Black "Verma, Aditya"]
[Result "0-1"]
[WhiteElo "1322"]
[BlackElo "1616"]
[EventRounds "5"]

1. e4 e5 2. Nf3 Nc6 3. Bc4 Bc5 4. c3 Nf6 5. d4 exd4 6. cxd4 Bb4+ 7. Nc3 Nxe4
8. O-O Nxc3 9. bxc3 Bxc3 10. Qb3 Bxa1 11. Bxf7+ Kf8 12. Bg5 Ne7 13. Re1 h6 14.
Bxe7+ Qxe7 15. Rxe7 Kxe7 16. Qe3+ Kxf7 17. Ne5+ Kf6 18. Qf4+ Ke6 19. Qg4+ Kd5
20. Nf7 Re8 21. g3 d6 22. Qh5+ Kxd4 23. Qd1+ Kc5 24. Qc1+ Kb6 25. Qxa1 Be6 26.
Qb2+ Kc6 27. Qc3+ Kd7 28. Qxg7 Re7 29. Qxh6 Rxf7 30. Qe3 Raf8 31. f4 a6 32.
Qe4 c6 33. Qb4 Kc7 34. Qa5+ Kb8 35. Qd2 Bd5 36. h4 Rg8 37. Kf2 Rfg7 38. Qe3
Rxg3 39. Qxg3 Rxg3 40. Kxg3 Kc8 41. h5 Kd8 42. h6 Bg8 43. Kg4 Ke7 44. Kf5 Bh7+
45. Kg5 Kf7 46. Kh5 d5 47. f5 Bxf5 48. Kg5 Bb1 49. Kh5 c5 50. Kg5 c4 51. Kf4
c3 52. Ke3 d4+ 53. Ke2 d3+ 54. Kd1 d2 55. a3 Bg6 56. a4 Bh5+ {#R} 0-1

[Event "Hampstead U2200 July 2013"]
[Site "Hampstead, UK"]
[Date "2013.07.20"]
[Round "3"]
[White "Reddiar, Gautham"]
[Black "Madynski, Pawel"]
[Result "0-1"]
[WhiteElo "1882"]
[BlackElo "2092"]
[EventRounds "5"]

1. e4 e5 2. Nf3 f5 3. Nxe5 Qf6 4. d4 d6 5. Nc4 fxe4 6. c3 Qg6 7. Ne3 Nf6 8. d5
Nbd7 9. Bb5 a6 10. Ba4 Be7 11. c4 O-O 12. Nc3 Nc5 13. Bc2 Ng4 14. O-O Nxe3 15.
fxe3 Bg4 16. Qe1 Rxf1+ 17. Qxf1 Bf6 18. Ne2 Be5 19. Qe1 Bxh2+ 20. Kxh2 Qh5+
21. Kg1 Bxe2 22. b3 Rf8 23. Bd2 Rf1+ 24. Qxf1 Bxf1 25. Rxf1 Nd3 26. Bxd3 exd3
27. Rf2 Qe5 28. Kf1 Qh2 29. Ke1 Qg1+ 30. Rf1 Qxg2 31. Rf2 Qh1+ 32. Rf1 Qh5 33.
Rf2 Qe5 34. Kf1 g5 35. Rg2 h5 {#R} 0-1

[Event "Hampstead U2200 July 2013"]
[Site "Hampstead, UK"]
[Date "2013.07.20"]
[Round "3"]
[White "Buyandalai, Tumen"]
[Black "Oyama, Akito"]
[Result "1/2-1/2"]
[WhiteElo "2066"]
[BlackElo "1966"]
[EventRounds "5"]

1. e4 c5 2. Nc3 Nc6 3. g3 g6 4. Bg2 Bg7 5. d3 e6 6. Nge2 Nge7 7. Be3 Nd4 8. f4
d6 9. O-O Nec6 10. Rb1 O-O 11. a3 a5 12. Bf2 Rb8 13. Nxd4 Nxd4 14. Ne2 Nxe2+
15. Qxe2 b5 16. c3 b4 17. axb4 axb4 18. d4 cxd4 19. cxd4 d5 20. e5 Bd7 21.
Rfc1 Qb6 22. Bf1 Rfc8 23. Qa6 Rxc1 24. Rxc1 Qxa6 25. Bxa6 Kf8 26. Be1 Ke8 27.
Rc7 Bf8 28. Ra7 Be7 29. Kf2 Bd8 30. Ke3 Bb6 31. Rb7 Rxb7 32. Bxb7 Bb5 33. Bxb4
Kd7 34. Bd6 Ba7 35. b4 Bb6 36. g4 Bc7 37. Bc5 Bd8 38. Bd6 Bc7 39. Bc5 Bd8 40.
Ba8 Kc7 {#d} 1/2-1/2

[Event "Hampstead U2200 July 2013"]
[Site "Hampstead, UK"]
[Date "2013.07.20"]
[Round "3"]
[White "Balakrishnan, Naveen K"]
[Black "Porter, Sam J"]
[Result "1/2-1/2"]
[WhiteElo "2026"]
[BlackElo "1870"]
[EventRounds "5"]

1. d4 Nf6 2. c4 g6 3. Nc3 Bg7 4. e4 d6 5. Be2 O-O 6. Nf3 e5 7. O-O Nc6 8. d5
Ne7 9. Bg5 Ne8 10. Nd2 f6 11. Be3 f5 12. f3 f4 13. Bf2 g5 14. c5 Rf6 15. g4
fxg3 16. hxg3 Bh3 17. Re1 h5 18. Bf1 Bd7 19. Be3 Bh6 20. Nc4 Ng6 21. Bg2 Qe7
22. c6 Bc8 23. cxb7 Bxb7 24. Na5 Bc8 25. Nc6 Qf8 26. Qd2 h4 27. Bxg5 Bxg5 28.
Qxg5 hxg3 29. Qxg3 Ng7 30. Kf2 Nh5 31. Qg5 Nhf4 32. Re3 Kf7 33. Rh1 Nxg2 34.
Qxg2 Qg7 35. Ree1 Bd7 36. Rh2 Bxc6 37. dxc6 Nf4 38. Qxg7+ Kxg7 39. Rg1+ Rg6
40. Rxg6+ Kxg6 41. Ke3 Rb8 42. Nd5 Nxd5+ 43. exd5 Rb5 44. Rd2 Kf5 45. b3 a5
46. Rd3 a4 47. bxa4 Ra5 48. Rb3 Rxa4 49. Rb7 Ra3+ 50. Kf2 Kf4 51. Rb4+ Kf5 52.
Rb7 Kf4 53. Rb4+ {#d} 1/2-1/2

[Event "Hampstead U2200 July 2013"]
[Site "Hampstead, UK"]
[Date "2013.07.20"]
[Round "3"]
[White "Hayward, Alan"]
[Black "Levene, Joseph"]
[Result "1-0"]
[WhiteElo "1954"]
[BlackElo "1729"]
[EventRounds "5"]

1. d4 d5 2. Nc3 Nf6 3. Bg5 e6 4. e4 dxe4 5. f3 Nc6 6. Bb5 exf3 7. Nxf3 Be7 8.
O-O O-O 9. Qd2 Nd5 10. Bxe7 Ncxe7 11. Rae1 Ng6 12. Ne5 Nde7 13. Nxg6 Nxg6 14.
Ne4 Bd7 15. Bd3 Bc6 16. Qe3 e5 17. dxe5 Nxe5 18. Rf5 Nxd3 19. cxd3 Qd7 20. Rg5
f6 21. Rg3 b6 22. Qf4 Bxe4 23. Rxe4 Rae8 24. Rxe8 Qxe8 25. Re3 Qf7 26. b3 Re8
27. Kf2 Rxe3 28. Kxe3 Qe6+ 29. Kf2 Qe5 30. Qc4+ Kf8 31. g3 Qb2+ 32. Ke3 c5 33.
Qd5 Qxh2 34. Qd8+ Kf7 35. Qd7+ Kg6 36. Qg4+ Kh6 37. Qf4+ Kh5 38. g4+ {#r} 1-0

[Event "Hampstead U2200 July 2013"]
[Site "Hampstead, UK"]
[Date "2013.07.20"]
[Round "3"]
[White "Lees, Fraser"]
[Black "Sagues, Vincent"]
[Result "1-0"]
[WhiteElo "1802"]
[BlackElo "1939"]
[EventRounds "5"]

1. b3 e5 2. Bb2 Nc6 3. e3 d6 4. Ne2 f5 5. f4 Nf6 6. g3 Be6 7. Nbc3 Be7 8. Bg2
O-O 9. d4 exd4 10. Nxd4 Nxd4 11. Qxd4 d5 12. O-O-O c6 13. Qe5 Bd7 14. Nxd5
cxd5 15. Bxd5+ Rf7 16. Be6 Qe8 17. Rxd7 Qxd7 18. Bxd7 Nxd7 19. Qd5 Nc5 20. Bd4
Rd8 21. Qc4 Ne4 22. Kb2 a6 23. a4 Bf8 24. Rg1 h5 25. h3 b5 26. axb5 axb5 27.
Qxb5 Kh7 28. g4 fxg4 29. Qxh5+ Kg8 30. Rxg4 Nf6 31. Qg5 Rd5 32. Qxf6 Rxf6 33.
Bxf6 Kf7 34. Bd4 Rh5 35. Rg3 g6 36. Kc3 Bd6 37. Kd3 g5 38. Rxg5 Rxh3 39. Rg7+
Ke6 40. Ke4 Bb4 41. c3 Bf8 42. f5+ Kd6 43. Rg6+ Kd7 44. Kd5 Bh6 45. e4 Bd2 46.
Rg7+ Ke8 47. Kc4 Rh4 48. e5 Kd8 49. f6 Ke8 50. Kd5 Rh8 51. Ke6 Kd8 52. Ra7
Re8+ 53. Kf7 Bxc3 54. Bxc3 {#r} 1-0

[Event "Hampstead U2200 July 2013"]
[Site "Hampstead, UK"]
[Date "2013.07.20"]
[Round "3"]
[White "Joslin, Tim"]
[Black "Pattni, Kishan"]
[Result "0-1"]
[WhiteElo "1922"]
[BlackElo "1727"]
[EventRounds "5"]

1. e4 c5 2. c3 g6 3. d4 cxd4 4. cxd4 Bg7 5. Nf3 e6 6. Nc3 d5 7. exd5 exd5 8.
Bb5+ Nc6 9. O-O Nge7 10. Bg5 O-O 11. h3 Be6 12. Qd2 Re8 13. Na4 f6 14. Bf4 b6
15. Rfe1 Bd7 16. Nc3 a6 17. Bd3 Bf5 18. Rac1 Bxd3 19. Qxd3 Qd7 20. Na4 Nb4 21.
Qb3 Qb5 22. Rc3 Nf5 23. Rxe8+ Rxe8 24. g4 Re4 25. Bc7 Nxd4 26. Nxd4 Rxd4 27.
Bxb6 Re4 28. Rc8+ Bf8 29. Bc5 Re1+ 30. Kh2 Qf1 31. Rxf8+ Kg7 32. Kg3 Qg1+ 33.
Kf3 Qh1+ 34. Kg3 Rg1+ 35. Kf4 Qe4# 0-1

[Event "Hampstead U2200 July 2013"]
[Site "Hampstead, UK"]
[Date "2013.07.20"]
[Round "3"]
[White "Landau, Jonathan"]
[Black "Szucs, Zoltan"]
[Result "1-0"]
[WhiteElo "1922"]
[BlackElo "1632"]
[EventRounds "5"]

1. e4 e5 2. Nc3 Nf6 3. f4 d5 4. exd5 Nxd5 5. fxe5 Be6 6. Nf3 c5 7. Bb5+ Nc6 8.
Bxc6+ bxc6 9. O-O Be7 10. d3 O-O 11. Ne4 Qb6 12. Nfg5 Bxg5 13. Nxg5 c4+ 14.
Kh1 Ne3 15. Qh5 h6 16. Bxe3 Qxe3 17. Nxe6 fxe6 18. dxc4 Rf2 19. Rxf2 Qxf2 20.
Qf3 Qxc2 21. Qxc6 Rf8 22. Qxe6+ Kh8 23. Rg1 Qxb2 24. c5 Qb7 25. c6 Qc7 26. Qd6
Rc8 27. Qxc7 Rxc7 28. Rc1 Kg8 29. g4 Kf7 30. h4 Ke6 31. Rc5 g6 32. Kg2 a5 33.
Kf3 a4 34. Ke4 a3 35. Kd4 h5 36. gxh5 gxh5 37. Ke4 Rc8 38. Kf4 Rg8 39. c7 Kd7
40. c8=Q+ Rxc8 41. e6+ {#r} 1-0

[Event "Hampstead U2200 July 2013"]
[Site "Hampstead, UK"]
[Date "2013.07.20"]
[Round "3"]
[White "Botteley, Michael T"]
[Black "Samadov, Samir"]
[Result "1-0"]
[WhiteElo "1910"]
[BlackElo "1490"]
[EventRounds "5"]

1. d4 d5 2. Nf3 Nf6 3. e3 Bf5 4. c4 c6 5. Nc3 e6 6. Qb3 Qc7 7. Bd2 Ne4 8. Rc1
Nxd2 9. Nxd2 Qd7 10. Be2 Bd6 11. O-O O-O 12. e4 dxe4 13. Ndxe4 Bc7 14. Rcd1
Qe7 15. Bf3 Rd8 16. Rfe1 Na6 17. a3 c5 18. d5 Bxe4 19. Rxe4 Rab8 20. Nb5 e5
21. Nxc7 Qxc7 22. Qe3 f6 23. g3 b5 24. cxb5 Rxb5 25. Qd3 Rb6 26. Ra4 Nb8 27.
Qc4 Rdd6 28. b4 Nd7 29. Bg4 g6 30. Bxd7 Qxd7 31. bxc5 Kg7 32. cxd6 Qxd6 33.
Rxa7+ Kh6 34. Qh4# 1-0

[Event "Hampstead U2200 July 2013"]
[Site "Hampstead, UK"]
[Date "2013.07.20"]
[Round "3"]
[White "Zhu, Richard"]
[Black "Allison, Conrad"]
[Result "0-1"]
[WhiteElo "1622"]
[BlackElo "1885"]
[EventRounds "5"]

1. d4 Nf6 2. c4 g6 3. Nc3 Bg7 4. e4 d6 5. f3 O-O 6. Bg5 c5 7. d5 h6 8. Be3 e6
9. Qd2 exd5 10. cxd5 Kh7 11. Bd3 a6 12. Nge2 b5 13. O-O Nbd7 14. Rac1 Ne5 15.
a4 c4 16. Bb1 Qa5 17. axb5 axb5 18. f4 Ned7 19. Nd4 Ba6 20. Nc6 Qc7 21. Na2
Rfe8 22. e5 Ng4 23. exd6 Qxd6 24. Bf2 Nxf2 25. Rxf2 Nf6 26. Nab4 Ng4 27. Rf3
Bb7 28. Rd1 Qc5+ 29. Kh1 Ne3 30. Re1 Nxd5 31. Nxd5 Qxd5 32. Qf2 Bxc6 33. f5
Qd4 34. fxg6+ fxg6 35. Rxe8 Qxf2 36. Bxg6+ Kxg6 37. Re6+ Kh7 38. Rxf2 Ra1+
{#R} 0-1

[Event "Hampstead U2200 July 2013"]
[Site "Hampstead, UK"]
[Date "2013.07.20"]
[Round "3"]
[White "Wadsworth, Matthew"]
[Black "Reed, Liam"]
[Result "1-0"]
[WhiteElo "2136"]
[BlackElo "1417"]
[EventRounds "5"]

1. e4 d6 2. d4 Nf6 3. Nc3 g6 4. g3 c6 5. Bg2 Bg7 6. Nge2 O-O 7. O-O Nbd7 8. h3
e5 9. Be3 Qc7 10. f4 Nb6 11. b3 Bd7 12. g4 h6 13. Qd2 exd4 14. Nxd4 Kh7 15.
Rad1 c5 16. Ndb5 Bxb5 17. Nxb5 Qe7 18. Nxd6 Rad8 19. e5 Nfd5 20. Bxd5 Nxd5 21.
Qxd5 Rd7 22. Bxc5 Rfd8 23. Qf3 Qe6 24. Ne4 b6 25. Rxd7 Rxd7 26. Be3 Re7 27. g5
h5 28. Nf6+ Bxf6 29. gxf6 Rc7 30. Qg3 Rxc2 31. f5 Qc8 32. fxg6+ fxg6 33. Qg5
Kg8 34. Qxg6+ {#r} 1-0

[Event "Hampstead U2200 July 2013"]
[Site "Hampstead, UK"]
[Date "2013.07.20"]
[Round "3"]
[White "Ivanov, George"]
[Black "Farzaliyev, Kanan"]
[Result "0-1"]
[WhiteElo "1739"]
[BlackElo "2050"]
[EventRounds "5"]

1. e4 c5 2. Nf3 d6 3. d4 cxd4 4. Nxd4 Nf6 5. Nc3 g6 6. f3 Bg7 7. Be3 Nc6 8.
Qd2 O-O 9. Nxc6 bxc6 10. O-O-O Be6 11. Bh6 Qa5 12. a3 Rab8 13. g4 Rxb2 14.
Kxb2 Rb8+ 15. Bb5 Nxe4 16. Qd3 Bxc3+ {#R} 0-1

[Event "Hampstead U2200 July 2013"]
[Site "Hampstead, UK"]
[Date "2013.07.20"]
[Round "3"]
[White "Miu, Marinel"]
[Black "Millward, David J"]
[Result "1/2-1/2"]
[WhiteElo "1700"]
[BlackElo "1998"]
[EventRounds "5"]

1. d4 g6 2. e4 d6 3. c4 Bg7 4. Nc3 Nf6 5. Be2 O-O 6. Be3 Nbd7 7. g4 e5 8. g5
Ne8 9. Nf3 f5 10. gxf6 Nexf6 11. Qb3 Qe7 12. c5+ Kh8 13. cxd6 cxd6 14. Ng5
exd4 15. Bxd4 Nc5 16. Qc4 Ne6 17. Nd5 Nxd5 18. Bxg7+ Qxg7 19. Qxd5 Nxg5 20.
Qxg5 Qxb2 21. Rd1 Qb4+ 22. Qd2 Qxe4 23. Qd4+ Qxd4 24. Rxd4 Bf5 25. Rxd6 Rfe8
26. f3 Rac8 27. Rd2 Rc1+ 28. Rd1 Rc2 29. Rd2 Rec8 30. Bd1 Rxd2 31. Kxd2 Kg7
32. Bb3 Kf6 33. Ke3 Rc3+ 34. Kf2 Be6 35. Bxe6 Rc2+ 36. Kg3 Kxe6 37. Rb1 b6 38.
a4 Ra2 39. Rb4 h5 40. h4 Ra1 41. Kf4 Kf6 42. Rc4 Rh1 43. Rc6+ Ke7 44. Rc7+ Kd6
45. Rxa7 Rxh4+ 46. Kg5 Rh3 47. Kxg6 Rxf3 48. a5 bxa5 49. Rxa5 h4 50. Rh5 h3
51. Kg5 Ke5 52. Kg4+ Ke4 53. Re5+ {#d} 1/2-1/2

[Event "Hampstead U2200 July 2013"]
[Site "Hampstead, UK"]
[Date "2013.07.20"]
[Round "3"]
[White "Nixon, Rodney J"]
[Black "Sloan, Cecil"]
[Result "1-0"]
[WhiteElo "1971"]
[BlackElo "1700"]
[EventRounds "5"]

1. e4 c5 2. Nf3 g6 3. d4 cxd4 4. Nxd4 Nc6 5. Nc3 Bg7 6. Be3 Nf6 7. Bc4 O-O 8.
Bb3 a5 9. O-O a4 10. Nxa4 Nxe4 11. Nb5 Ra6 12. f3 Nf6 13. c4 Na5 14. Nac3 Nxb3
15. Qxb3 d6 16. Rfd1 Bd7 17. Nd5 Nxd5 18. Rxd5 Bc6 19. Rd2 Qa5 20. Nd4 Qc7 21.
Qd3 Rfa8 22. a3 Ra4 23. Rc1 Qd7 24. Ne2 R4a5 25. Nc3 Rh5 26. Ne4 Be5 27. g4
Bxe4 28. Qxe4 Bxb2 29. Rxb2 Re5 30. Qd4 Rxa3 31. Bf4 Rea5 32. Bd2 Ra6 33. Bc3
f6 34. Qd5+ Kg7 35. Rxb7 Qe8 36. g5 Rxc3 37. Rxc3 Ra1+ 38. Kg2 Ra2+ 39. Kg3
fxg5 40. Re3 Kh6 41. Rexe7 Qh8 42. Qf7 {#r} 1-0

[Event "Hampstead U2200 July 2013"]
[Site "Hampstead, UK"]
[Date "2013.07.20"]
[Round "3"]
[White "Klingher, Dominic"]
[Black "Puiu, Claudiu"]
[Result "0-1"]
[WhiteElo "1642"]
[BlackElo "1930"]
[EventRounds "5"]

1. Nf3 d5 2. c4 c6 3. g3 Nf6 4. Bg2 Bf5 5. Nc3 e6 6. cxd5 cxd5 7. d3 Nc6 8.
Bg5 a6 9. O-O Be7 10. Qb3 O-O 11. Rfe1 d4 12. Na4 b5 13. Qc2 Nb4 14. Qd2 bxa4
15. Bxf6 gxf6 16. Nh4 Rc8 17. Nxf5 exf5 18. Qf4 Nc2 19. Qxf5 Rc5 20. Qg4+ Rg5
21. Qh4 Nxa1 22. Rxa1 Qc7 23. f4 Rc5 24. Qg4+ Kh8 25. Be4 Rg8 26. Qh3 Rg7 27.
Kf2 Qa5 28. Qd7 Qd8 29. Qxa4 f5 30. Bf3 a5 31. a3 Rg6 32. b4 axb4 33. axb4 Rc8
34. b5 Rb6 35. Qb3 Kg7 36. Ra7 Rc7 37. Ra8 Qd7 38. Bc6 Qxc6 39. Qb2 Qd5 40. e3
Rxb5 41. Qxd4+ Qxd4 42. exd4 Rb2+ 43. Kf3 Rcc2 {#R} 0-1

[Event "Hampstead U2200 July 2013"]
[Site "Hampstead, UK"]
[Date "2013.07.20"]
[Round "3"]
[White "Wen, Jackson"]
[Black "Pein, Jonathan"]
[Result "0-1"]
[WhiteElo "1642"]
[BlackElo "1834"]
[EventRounds "5"]

1. e4 g6 2. d4 Bg7 3. Nf3 d6 4. c4 Nf6 5. Nc3 O-O 6. Bd3 e5 7. Bg5 Nbd7 8. O-O
h6 9. Be3 Ng4 10. Qe2 Nxe3 11. fxe3 a5 12. Rf2 g5 13. Raf1 g4 14. Nd2 exd4 15.
Nd5 c6 16. Nf4 dxe3 17. Qxe3 c5 18. Ne2 Ne5 19. Bc2 Be6 20. b3 Nc6 21. Kh1 Qh4
22. g3 Qe7 23. Qd3 Nb4 24. Qe3 Nxc2 25. Qf4 Nb4 26. Nc1 Rad8 27. a3 Nc6 28.
Nb1 a4 29. Qd2 axb3 30. Rd1 Bxc4 31. Re1 Nd4 32. Qf4 Qg5 33. Qxg5 hxg5 34. a4
Nf3 35. Rd1 Bd4 36. Rxd4 cxd4 37. h3 b2 38. Rxb2 Kg7 39. Nd2 Nxd2 40. Rxd2
gxh3 41. Rxd4 Be6 42. Nd3 d5 43. e5 Rc8 44. Nf2 Rc4 45. Rd3 Rfc8 46. Rd1 Rc1
47. Rxc1 Rxc1+ 48. Kh2 g4 49. a5 Rc2 50. Kg1 h2+ 51. Kg2 Rxf2+ 52. Kxf2 h1=Q
{#R} 0-1

[Event "Hampstead U2200 July 2013"]
[Site "Hampstead, UK"]
[Date "2013.07.20"]
[Round "3"]
[White "Verma, Aditya"]
[Black "Sharkey, Brian"]
[Result "1-0"]
[WhiteElo "1616"]
[BlackElo "1810"]
[EventRounds "5"]

1. e4 c5 2. Nc3 Nc6 3. Bb5 g6 4. Bxc6 dxc6 5. f4 Bg7 6. Nf3 Nf6 7. d3 O-O 8.
O-O Qc7 9. Qe1 Bd7 10. Qh4 e5 11. f5 gxf5 12. Bh6 Bxh6 13. Qxh6 Ng4 14. Qh4 f6
15. exf5 Ne3 16. Ng5 Bxf5 17. Rf3 Nxc2 18. Rxf5 Nxa1 19. Ne6 Qe7 20. Nxf8 Rxf8
21. Qg4+ Kh8 22. Qd1 Qd7 23. Rf3 Qd4+ 24. Kh1 e4 25. Rf4 Qxd3 26. Qxa1 e3 27.
Qf1 Qxf1+ 28. Rxf1 f5 29. Rd1 Rf7 30. Ne2 f4 31. h3 Kg7 32. Rf1 Rd7 33. Nxf4
Rd2 34. Ne6+ Kg6 35. Re1 Kf6 36. Rxe3 Rxb2 37. Nxc5 Rxa2 38. Nxb7 a5 39. Nc5
a4 40. Re6+ Kf5 41. Rxc6 a3 42. Ra6 Rc2 43. Nb3 Ra2 44. Nd4+ Ke4 45. Nb5 Ra1+
46. Kh2 a2 47. Nc3+ Kd3 48. Nxa2 Kc4 49. Nb4 Rb1 50. Nc2 Rb7 51. Rh6 Kd5 52.
Ne3+ Ke5 53. Ng4+ Kf5 54. Nf6 Rb6 55. Rxh7 Rxf6 56. Rg7 Ra6 57. h4 Kf6 58. Rg5
Ra8 59. Kh3 Rh8 60. g3 Rh6 61. Kg4 Rg6 62. Rxg6+ Kxg6 63. Kf4 Kh5 64. Kf5 Kh6
65. g4 Kg7 66. g5 Kh7 67. Kf6 Kg8 68. g6 Kh8 69. g7+ Kg8 70. h5 Kh7 71. Kf7
Kh6 72. g8=Q {#r} 1-0

[Event "Hampstead U2200 July 2013"]
[Site "Hampstead, UK"]
[Date "2013.07.20"]
[Round "3"]
[White "Winter, Malcolm J"]
[Black "Gupta, Arul"]
[Result "1/2-1/2"]
[WhiteElo "1553"]
[BlackElo "1789"]
[EventRounds "5"]

1. d4 d5 2. Nf3 e6 3. c4 f5 4. Nc3 c6 5. Bf4 Nf6 6. e3 Bd6 7. Bd3 O-O 8. Qe2
Ne4 9. O-O Qc7 10. g3 Bxf4 11. exf4 Nd7 12. Ne5 Nxe5 13. dxe5 Bd7 14. Qc2 Rac8
15. Rac1 Qd8 16. b4 Nxc3 17. Qxc3 Qe7 18. c5 Be8 19. Be2 h6 20. Rfd1 g5 21.
Qe3 Bg6 22. a4 Kg7 23. Rd4 g4 24. Rd2 h5 25. Rdc2 Rh8 26. b5 h4 27. bxc6 Rxc6
28. Bb5 Rc7 29. a5 hxg3 30. fxg3 Rhc8 31. Qd4 Be8 32. Bd3 Bc6 33. Bf1 Rh8 34.
Bd3 Rhc8 35. Bf1 Rh8 36. Bd3 Rhc8 {#d} 1/2-1/2

[Event "Hampstead U2200 July 2013"]
[Site "Hampstead, UK"]
[Date "2013.07.20"]
[Round "3"]
[White "Parry, Jacques"]
[Black "Lovell, William"]
[Result "1-0"]
[WhiteElo "1762"]
[BlackElo "1322"]
[EventRounds "5"]

1. d4 f5 2. Nc3 g6 3. e4 fxe4 4. Nxe4 Bg7 5. Nf3 Nf6 6. Nxf6+ Bxf6 7. Bh6 d6
8. Bc4 c6 9. O-O Qc7 10. c3 b5 11. Bd3 Bb7 12. Ng5 Bxg5 13. Bxg5 Nd7 14. Re1
e5 15. dxe5 dxe5 16. Qg4 Nc5 17. b4 Bc8 18. Qe2 Nxd3 19. Qxd3 Bf5 20. Qe3 e4
21. g4 Bd7 22. Qxe4+ Kf7 23. Qe7+ Kg8 24. Bh6 {#r} 1-0